000 00314nam a22001337a 4500
008 171124b xxu||||| |||| 00| 0 eng d
020 _a9780321433329
041 _aeng
080 _25 ED
_a004
100 _a31
101 _aSHK
245 _aDATA ABSTRACTION PROBLEM SOLVING WITH
_cWALLS.M
942 _2udc
_cBK
999 _c38450
_d38450